Normal view MARC view
  • Academia de San Carlos (México)

Entry Nombre Corporativo

Number of records used in: 1

001 - NÚMERO DE CONTROL

  • campo de control: 15283

003 - IDENTIFICADOR DE NUMERO DE CONTROL

  • campo de control: UPN

005 - FECHA Y HORA DE LA ÜLTIMA TRANSACCIÓN

  • campo de control: 20220819093604.0

008 - DATOS DE LONGITUD FIJA

  • campo de control de longitud fija: 220819n||acznnbabn | ana |d

035 ## - NÚMERO DE CONTROL

  • Número de control: UPN10000015291

040 ## - FUENTE DE CATALOGACIÓN

  • Agencia original de catalogación: UPN
  • Lenguaje de catalogación: spa
  • Agencia transcribe: UPN

110 2# - ENCABEZAMIENTO - NOMBRE CORPORATIVO

  • Nombre corporativo o de jurisdicción como elemento de entrada : Academia de San Carlos (México)

670 ## - FUENTE EN LA QUE SE LOCALIZARON DATOS

  • Cita de la fuente : T
  • Información localizada: Salvat universal

902 ## - CATALOGADOR

  • Catalogador: CAA/110510